Name the Valid Country #3 - Statistics

General Stats
  • This quiz has been taken 57 times
  • The average score is 8 of 15
Answer Stats
Hint Answer % Correct
This country is known for having the world's largest coral reef system. Australia
90%
This European country has roads with no speed limits. Germany
80%
The only single-word country that ends in "-land" and is not located in Europe. Thailand
76%
The capital city of this country is the only one starting with "Z". Croatia
73%
This is the only country that borders the Mediterranean Sea and North Sea. France
73%
This is the only doubly landlocked country in Europe. Liechtenstein
71%
This country has the highest population density in the world. Monaco
67%
This is the only doubly landlocked country in Asia. Uzbekistan
65%
This country is the only African country still ruled by a king in the northern hemisphere. Morocco
57%
This country's flag has a rising sun coming from the ocean, with a bird flying above it. Kiribati
39%
This country has the letter "u" three times in its name. Uruguay
33%
This country is the lowest country in the world. Maldives
31%
The flag of this country has blue and yellow, but no horizontal or vertical stripes. Palau
25%
This is the only country that uses the Kyat as its currency. Myanmar
12%
This is the only country whose letters are in alphabetical order (excluding repeated letters). Fiji
6%
No matching quizzes found
Score Distribution
Percent of People with Each Score
Percentile by Number Answered
Your Score History
You have not taken this quiz